La responsabilidad civil

Kaydedildi:
Detaylı Bibliyografya
Yazar: Le Tourneau, Philippe (Yazar)
Materyal Türü: Kitap
Dil:İspanyolca
Baskı/Yayın Bilgisi: Bogotá Legis 2004
Edisyon:1a. ed
Konular:
Etiketler: Etiketle
Etiket eklenmemiş, İlk siz ekleyin!

MARC

LEADER 00000nam a2200000 a 4500
001 UCJ0382
003 CL-VaPUC
008 060721e20040000CK |||||||||||||||||spa|d
020 |a 9586534006 
082 0 4 |a 346.02  |b LET  |2 21 
100 |a Le Tourneau, Philippe  |e author  |9 500534 
245 1 3 |a La responsabilidad civil 
250 |a 1a. ed 
300 |a 204 p 
942 |c BK 
945 |d 20060721 00:00:00  |a cmena 
260 |a Bogotá  |b Legis  |c 2004 
650 0 |a Derecho civil  |9 255013 
650 7 |a RESPONSABILIDAD CIVIL  |2 CL-VaPUC  |9 500535 
650 0 |a Responsabilidad contractual  |9 256720 
650 0 |a Contratos  |9 255153 
583 |a last modification  |c 20130305 04:25:02  |k Rodrigo Vera 
999 |c 317236  |d 317234 
952 |0 0  |1 0  |4 0  |6 346_020000000000000_LET_2004  |7 0  |8 A  |9 393282  |a BIBDER  |b BIBDER  |d 2019-11-22  |i 4256980  |l 1  |m 3  |o 346.02 LET 2004  |p 4256980  |q 2025-12-31  |r 2020-03-13  |s 2020-03-13  |w 2019-11-22  |y BK  |k DER